header

Particle physics at the tercentenary of Mikhail Lomonosov (Record no. 161854)

MARC details
000 -LEADER
fixed length control field 01742nam a2200361Ia 4500
245 10 - TITLE STATEMENT
Title Particle physics at the tercentenary of Mikhail Lomonosov
260 ## - PUBLICATION, DISTRIBUTION, ETC. (IMPRINT)
Place of publication Singapore ;
-- Hackensack, NJ :
Name of publisher World Scientific,
Year of publication c2013.
300 ## - PHYSICAL DESCRIPTION
Number of Pages xx, 460 p. :
Other physical details ill.
500 ## - GENERAL NOTE
General note "Faculty of Physics of Moscow State University, Interregional Centre for Advanced Studies."
650 #0 - SUBJECT ADDED ENTRY--TOPICAL TERM
Topical Term Nuclear astrophysics
Topical Term Particle acceleration
Topical Term Particles (Nuclear physics)
Topical Term Quantum field theory
700 1# - ADDED ENTRY--PERSONAL NAME
Personal name Studenikin, A. I.
856 40 - ELECTRONIC LOCATION AND ACCESS
Uniform Resource Identifier http://site.ebrary.com/lib/rucke/Doc?id=10674367

No items available.

© 2026 Rongo University
Contact us: librarian | system librarian | Rongo university